Największe wyspy świata - Statystyki

Ogólne statystyki
  • Ten quiz został rozwiązany 17 razy
  • Średni wynik to 4 z 20
Statystyki odpowiedzi
Hint Odpowiedź % Poprawnych
2,166,086 km² Grenlandia
88%
748,168 km² Borneo
63%
785,753 km² Nowa Gwinea
63%
101,826 km² Islandia
25%
587,041 km² Madagaskar
25%
507,451 km² Baffin Island
13%
196,236 km² Ellesmere
13%
83,423 km² Hokkaido
13%
225,800 km² Honshu
13%
109,965 km² Luzon
13%
145,836 km² Południowa Wyspa (Nowa Zelandia)
13%
65,268 km² Sri Lanka
13%
180,681 km² Sulawesi
13%
473,481 km² Sumatra
13%
209,331 km² Wielka Brytania
13%
76,480 km² Hispaniola
0%
138,794 km² Java
0%
111,583 km² Północna Wyspa (Nowa Zelandia)
0%
72,493 km² Sakhalin
0%
217,291 km² Wiktoria
0%
Nie znaleziono quizów pasujących do podanych kryteriów
Rozkład punktacji
Procent ludzi z każdym wynikiem
Percentyl według liczby udzielonych odpowiedzi
Twoja historia wyników
Nie rozwiązałeś tego quizu